Chế biến rượu vang trái cây trong gia đình
Gorde:
| Egile nagusia: | |
|---|---|
| Formatua: | Liburua |
| Hizkuntza: | Undetermined |
| Argitaratua: |
Hà Nội
Nông Nghiệp
1983
|
| Gaiak: | |
| Etiketak: |
Etiketa erantsi
Etiketarik gabe, Izan zaitez lehena erregistro honi etiketa jartzen!
|
| Thư viện lưu trữ: | Trung tâm Học liệu Trường Đại học Cần Thơ |
|---|
| LEADER | 00557nam a2200181Ia 4500 | ||
|---|---|---|---|
| 001 | CTU_14498 | ||
| 008 | 210402s9999 xx 000 0 und d | ||
| 082 | |a 641.22 | ||
| 082 | |b H125 | ||
| 100 | |a Vũ Công Hậu | ||
| 245 | 0 | |a Chế biến rượu vang trái cây trong gia đình | |
| 245 | 0 | |c Vũ Công Hậu | |
| 260 | |a Hà Nội | ||
| 260 | |b Nông Nghiệp | ||
| 260 | |c 1983 | ||
| 650 | |a fruit wines,home economics,wine and wine making | ||
| 904 | |i Minh, 970104 | ||
| 980 | |a Trung tâm Học liệu Trường Đại học Cần Thơ | ||